Welcome to CU Library Online Public Access Catalogue (OPAC)

Accounting for banking students (Record no. 3782)

MARC details
000 -LEADER
fixed length control field 00471nam a22001817a 4500
005 - DATE AND TIME OF LATEST TRANSACTION
control field 20250210130358.0
008 - FIXED-LENGTH DATA ELEMENTS--GENERAL INFORMATION
fixed length control field 250210b |||||||| |||| 00| 0 eng d
020 ## - INTERNATIONAL STANDARD BOOK NUMBER
International Standard Book Number 9780852973592
050 ## - LIBRARY OF CONGRESS CALL NUMBER
Classification number HG1707
Item number EDW
100 ## - MAIN ENTRY--PERSONAL NAME
Personal name Edwards, J R
245 ## - TITLE STATEMENT
Title Accounting for banking students
250 ## - EDITION STATEMENT
Edition statement 4th
260 ## - PUBLICATION, DISTRIBUTION, ETC.
Place of publication, distribution, etc. London
Name of publisher, distributor, etc. The Chartered Institute of Bankers
Date of publication, distribution, etc. c1983
300 ## - PHYSICAL DESCRIPTION
Extent xii, 591p
500 ## - GENERAL NOTE
General note Includes index
700 ## - ADDED ENTRY--PERSONAL NAME
Personal name Mellett, H. J.
942 ## - ADDED ENTRY ELEMENTS (KOHA)
Source of classification or shelving scheme Library of Congress Classification
Koha item type Books
Suppress in OPAC No
999 ## -
-- 3782
-- 3782
Holdings
Withdrawn status Lost status Source of classification or shelving scheme Damaged status Not for loan Collection Home library Current library Shelving location Date acquired Total checkouts Full call number Barcode Date last seen Copy number Price effective from Koha item type
    Library of Congress Classification     Non-fiction Undergraduate Library (Christ Temple) Undergraduate Library (Christ Temple) General stacks 02/10/2025   HG1707 EDW ulct00001138 02/10/2025 1 02/10/2025 Books
© 2023-2024 Copyright: Central University Libraries. All Rights Reserved | Created by: Mahone Tech Office